<?xml version="1.0" encoding="UTF-8"?>
<collection xmlns:xsi="http://www.w3.org/2001/XMLSchema-instance" xsi:schemaLocation="http://www.loc.gov/MARC21/slim http://www.loc.gov/standards/marcxml/schema/MARC21slim.xsd" xmlns="http://www.loc.gov/MARC21/slim">
 <record>
  <leader>00000cam a22000004a 4500</leader>
  <controlfield tag="001">UP-1685523046125061804</controlfield>
  <controlfield tag="003">Buklod</controlfield>
  <controlfield tag="005">20230503092606.0</controlfield>
  <controlfield tag="006">a     r    |||| u|</controlfield>
  <controlfield tag="007">ta</controlfield>
  <controlfield tag="008">991231s1993    xx      r    |||| u|eng||</controlfield>
  <datafield tag="020" ind1=" " ind2=" ">
   <subfield code="a">9718797211</subfield>
  </datafield>
  <datafield tag="035" ind1=" " ind2=" ">
   <subfield code="a">(iLib)UPMNL-00000016818</subfield>
  </datafield>
  <datafield tag="090" ind1=" " ind2=" ">
   <subfield code="a">LG 210</subfield>
   <subfield code="b">M43 1994</subfield>
  </datafield>
  <datafield tag="100" ind1="1" ind2=" ">
   <subfield code="a">Doronila, Maria Luisa C..</subfield>
  </datafield>
  <datafield tag="245" ind1="1" ind2="4">
   <subfield code="a">The meaning of UP education</subfield>
   <subfield code="b">a preliminary evaluation of knowledge management, attitude and value formation in UP Diliman degree programs</subfield>
   <subfield code="c">Maria Luisa C. Doronila ... [et al.].</subfield>
  </datafield>
  <datafield tag="264" ind1=" " ind2="1">
   <subfield code="a">Quezon City</subfield>
   <subfield code="b">UP Education Research Program, University Center for Integrative and Development Studies, University of the Philippines Press</subfield>
   <subfield code="c">c1993, 1994</subfield>
  </datafield>
  <datafield tag="300" ind1=" " ind2=" ">
   <subfield code="a">10 v.</subfield>
   <subfield code="c">23 cm.</subfield>
  </datafield>
  <datafield tag="500" ind1=" " ind2=" ">
   <subfield code="a">v.1. Main report / Maria Luisa C. Doronila ... [et al.]. --v.2. College of Public Administration Unit Report / Wilhelmina Cabo. --v.3. College of Home Economics Unit Report / Margarita M. dela Paz. --v.4. School of Labor and Industrial Rela</subfield>
   <subfield code="a">tions Unit Report / Virginia Teodosio. --v.5. UP Integrated School Unit Report / Eleanor Eme E. Hermosa. --v.6. College of Social Sciences and Philosophy / Lynna-Marie Sycip ... [et al.]. --v.7. College of Business Administration Unit Report / Elvina Zam</subfield>
   <subfield code="a">v.8. Asian Center Unit Report / Carolyn Sobritchea, Juan Francisco. --v.9. College of Arts and Letters Unit Report / Josefina Agravante. --v.10. College of Education Unit Report / Nestor Balmores, Erlinda Camara.</subfield>
  </datafield>
  <datafield tag="500" ind1=" " ind2=" ">
   <subfield code="a">ers Unit Report / Josefina Agravante. --v.10. College of Education Unit Report / Nestor Balmores, Erlinda Camara.</subfield>
  </datafield>
  <datafield tag="650" ind1=" " ind2="0">
   <subfield code="a">Education</subfield>
   <subfield code="x">Evaluation</subfield>
   <subfield code="x">University of the Philippines.</subfield>
  </datafield>
  <datafield tag="650" ind1=" " ind2="0">
   <subfield code="a">Universities and colleges</subfield>
   <subfield code="x">Evaluation.</subfield>
  </datafield>
  <datafield tag="852" ind1="0" ind2=" ">
   <subfield code="a">UPMNL</subfield>
   <subfield code="b">CASM</subfield>
   <subfield code="h">LG 210 M43 1993</subfield>
  </datafield>
  <datafield tag="852" ind1="0" ind2=" ">
   <subfield code="a">UPMNL</subfield>
   <subfield code="b">CASM</subfield>
   <subfield code="h">LG 210</subfield>
   <subfield code="i">M43 1994</subfield>
  </datafield>
  <datafield tag="942" ind1=" " ind2=" ">
   <subfield code="a">Book</subfield>
  </datafield>
 </record>
</collection>
